| 000 | 00467nam a2200157Ia 4500 | ||
|---|---|---|---|
| 003 | GCL | ||
| 008 | 140319s9999 xx 000 0 ara d | ||
| 040 |
_aGCL / _cGCL |
||
| 082 | 0 | 4 |
_a258 _bم س |
| 100 | 1 | _aمصطفى السباعى | |
| 245 | 1 | 0 |
_aالسنة ومكانتها فى التشريع الاسلامى / _cمصطفى السباعى |
| 490 | _a | ||
| 650 | 0 | 4 | _aالشريعة الاسلامية |
| 650 | 0 | 4 | _aالفقه الاسلامى |
| 942 |
_2ddc _cBK |
||
| 999 |
_c37533 _d37533 |
||